Регионална библиотека "Любен Каравелов" - Русе

Втори рибарски конгрес в гр. Свищов, организиран от Русенската търговско-индустриална камара на 6 и 7 септ. 1931 г. (Запис номер 167556)

MARC детайли
000 -Лидер
Контролно поле с фиксирана дължина 01928nam a2200421 a 4500
003 - Код на организацията, давaща контролен номер
Контролно поле BLK
005 - Дата и час на последна редакция
Контролно поле 20230718141640.0
008 - Елементи от данни с фиксирана дължина
fixed length control field 180411b bul|||||r ||||||| ||bul||
010 ## - Наследен системен номер
LC control number KNG00175367000
040 ## - Източник на каталожния запис
Идентификатор на билиотеката - собственик на записа BLK
041 ## - Код за език
Код за езика на текст/звукозапис или на отделно заглавие Български
Код за езика КДБФ Български
072 #7 - Код за тематичната категория
Код организация bullib
Код за тематична категория К
Текст Краезнание
080 ## - УДК
Текстов определител УДК Лов. Рибно стопанство. Риболов
УДК код - определител по УДК 639
УДК определител (063)
УДК - код + определител 639(063)
110 1# - Редна дума - колетивен орган
Редна дума - наименование на организация или юридическо лице Рибарски конгр., II. Свищов. 1931
9 (RLIN) 337552
139 ## - Редно поле
Редна дума Рибарски конгр., II. Свищов. 1931
Авторски знак Ри - Р 58
245 10 - Сведения за заглавието
Заглавие Втори рибарски конгрес в гр. Свищов, организиран от Русенската търговско-индустриална камара на 6 и 7 септ. 1931 г.
Подзаглавни данни Реферати, протоколи, решения
257 ## - Страна на издаване
Страна на създаване/издаване България
260 ## - Област на издателските данни
Място на издаване, разпространение и проч. Русе
Име на издателя, разпространителя и проч. Русенска търг.-индустр. камара
Година на издаване 1931
Печатница Русе : печ. Роглев
300 ## - Физическа характеристика
Страници 89 с.
Размери/Мащаб 22 см
380 ## - Жанр
Жанр Селско стопанство
650 #4 - Допълнително описание по предмет – тема
Основно описание – тема или топоним Рибовъдство
9 (RLIN) 169473
650 #4 - Допълнително описание по предмет – тема
Основно описание – тема или топоним Камари, търговско-индустриални
9 (RLIN) 280620
651 #4 - Допълнително описание по предмет - топоним
Географско понятие Свищов
9 (RLIN) 179504
653 ## - Ключова дума – ненормативна
Ключова дума рибовъдство
653 ## - Ключова дума – ненормативна
Ключова дума риболов
653 ## - Ключова дума – ненормативна
Ключова дума РТИК
653 ## - Ключова дума – ненормативна
Ключова дума конгреси
852 ## - Местоположение
Форматна сигнатура Цб 29444
Фондова буква Хранилище
852 ## - Местоположение
Форматна сигнатура К 63/Р 58
Фондова буква Краезнание
852 ## - Местоположение
Форматна сигнатура Цб 6.230.29781
Фондова буква Хранилище
852 ## - Местоположение
Форматна сигнатура Цб 6.220.25575
Фондова буква Хранилище
856 4# - Електронен адрес и достъп
Електронен формат pdf - файл
Инструкция (цена за достъп) 0.00
Права за достъп Достъп за регистрирани потребители
Име на файл Втори рибарски конгрес в гр. Свищов
Път до файла /url/ http://185.138.176.146:18082/cgi-bin/koha/opac-retrieve-file.pl?id=149feb90e2228824407c7de8ffd1b1e9
Допълнителна информация (Корица, съдържание, пълен текст, звуков файл, HTML файл) Електронна книга
Информация за съдържанието Втори рибарски конгрес в гр. Свищов
942 ## - АРТИКУЛИ
Вид на библиотечния материал Книги
Скрит в OPAC Не
Koha issues (borrowed), all copies 2
Периодичен библиозапис Да
944 ## - СЪЗДАВАНЕ И РЕДАКЦИЯ на ЗАПИСА
Създаване/Редакция Създаване
Дата на регистрацията/редакция 15.05.2015
Статус, дата на статуса Диана Гривева
Служител, извършил регистрацията/редакцията 30529
944 ## - СЪЗДАВАНЕ И РЕДАКЦИЯ на ЗАПИСА
Създаване/Редакция Редакция
Дата на регистрацията/редакция 2021-05-18
Служител, извършил регистрацията/редакцията ГГГ
999 ## - СИСТЕМНИ КОНТРОЛНИ НОМЕРА
Koha biblionumber 167556
Koha biblioitemnumber 167556
999 ## - СИСТЕМНИ КОНТРОЛНИ НОМЕРА
Koha biblioitemnumber 167556
999 ## - СИСТЕМНИ КОНТРОЛНИ НОМЕРА
Koha biblioitemnumber 167556
Наличности
Код за отписване Код за изгубен артикул Източник на класификационната схема Код за повреда Коз за рестрикции Код за отдаване Артикулен № Име на библиотеката - собственик Име на библиотеката, в която се намира в момента Статус (Текущо местоположение) Дата на вписване в системата Местоположение - отдел Цена в лева Инвентарен номер Систематично азбучна сигнатура Баркод Номер на екземпляра Цена в евро Служебна бележка Служебен тип на артикула
  Не е изгубен Universal Decimal Classification Не е повреден без рестрикции ползва се в читалня 282271 Регионална библиотека "Любен Каравелов" Русе Регионална библиотека "Любен Каравелов" Русе Краезнание 1931-01-01 Краезнание 0.20 3476/64 К 63/Р 58 900000003274 1 0.10 N: Сф Дата: 01.01.1931 Дата инв: 10.11.2017 Бележки инв: К2017 Книги
  Не е изгубен Universal Decimal Classification Не е повреден само за читалня ползва се в читалня 282272 Регионална библиотека "Любен Каравелов" Русе Регионална библиотека "Любен Каравелов" Русе Хранилище 1931-01-01 Основен фонд - ползва се само за читалня 0.30 2513/66 Цб 29444 900000093396 2 0.15 N: Сф Дата: 01.01.1931 Книги
  Не е изгубен Universal Decimal Classification Не е повреден само за читалня ползва се в читалня 830836 Регионална библиотека "Любен Каравелов" Русе Регионална библиотека "Любен Каравелов" Русе Хранилище 2021-05-19 Основен фонд - ползва се само за читалня 0.07 25575-а Цб 6.220.25575 900000059618   0.04   Книги
  Не е изгубен Universal Decimal Classification Не е повреден само за читалня ползва се в читалня 833779 Регионална библиотека "Любен Каравелов" Русе Регионална библиотека "Любен Каравелов" Русе Хранилище 2021-06-01 Основен фонд - ползва се само за читалня 0.14 29781 Цб 6.230.29781 900000061244   0.07   Книги
Vip Innovations Ltd, Rousse, Bulgaria 2025